MCQA IN NINFECTIOUS DISEASES (Record no. 216859)

MARC details
000 -LEADER
fixed length control field 00588nam a22001697a 4500
008 - FIXED-LENGTH DATA ELEMENTS--GENERAL INFORMATION
fixed length control field 260323b |||||||| |||| 00| 0 eng d
020 ## - INTERNATIONAL STANDARD BOOK NUMBER
International Standard Book Number 978-93-89776-71-3
100 ## - MAIN ENTRY--PERSONAL NAME
Personal name SHRIVASTAV, OM
245 ## - TITLE STATEMENT
Title MCQA IN NINFECTIOUS DISEASES
Remainder of title FOR DM STUDENTS
260 ## - PUBLICATION, DISTRIBUTION, ETC.
Place of publication, distribution, etc. NEW DELHI
Name of publisher, distributor, etc. JAYPEE BROTHERS MEDICAL PUBLISHERS
Date of publication, distribution, etc. 2021
300 ## - PHYSICAL DESCRIPTION
Extent XVI, 432P.
500 ## - GENERAL NOTE
General note INCLUDES INDEX
650 ## - SUBJECT ADDED ENTRY
Topical term or geographic name entry element 1. INFECTIOUS DISEASES - EXAMINATIONS, QUESTIONS , ETC 2. MEDICAL STUDENTS - EXAMINATIONS 3. COMMUNICABLE DISEASES - TEXTBOOKS
700 ## - ADDED ENTRY--PERSONAL NAME
Personal name MEHTA, YATIN
942 ## - ADDED ENTRY ELEMENTS (KOHA)
Source of classification or shelving scheme Library of Congress Classification
Koha item type Long Loan Book
Holdings
Withdrawn status Lost status Source of classification or shelving scheme Damaged status Not for loan Collection Home library Current library Shelving location Date acquired Inventory number Total checkouts Full call number Barcode Date last seen Copy number Price effective from Koha item type
    Library of Congress Classification     Medicine Kisii University Library Kisii University Library On Display 03/23/2026 112526   RC 111 .M37 2021 A000129 03/23/2026 1 03/23/2026 Long Loan Book
    Library of Congress Classification     Medicine Kisii University Library Kisii University Library On Display 03/23/2026 112527   RC 111 .M37 2021 A000130 03/23/2026 2 03/23/2026 Long Loan Book
    Library of Congress Classification     Medicine Kisii University Library Kisii University Library On Display 03/23/2026 112528   RC 111 .M37 2021 A000023 03/23/2026 4 03/23/2026 Long Loan Book
    Library of Congress Classification     Medicine Kisii University Library Kisii University Library On Display 03/23/2026 112529   RC 111 .M37 2021 A000022 03/23/2026 3 03/23/2026 Long Loan Book